CVRMed-MRCAS'97 : First Joint Conference, Computer Vision, Virtual Reality and Robotics in Medicine and Medical Robotics and Computer-Assisted Surgery, Grenoble, France, March 19-22, 1997, Proceedings /

Збережено в:
Бібліографічні деталі
Автор: Jocelyne Troccaz, Eric Grimson, Ralph Mösges (edición)
Формат: Книга
Мова:Англійська
Опубліковано: Berlín, Alemania : Springer, 1997, c1997
Серія:(Lecture Notes in Computer Science)
Онлайн доступ:Ver documento en línea
Теги: Додати тег
Немає тегів, Будьте першим, хто поставить тег для цього запису!

MARC

LEADER 00000nam^a22000000a04500
001 000601961
009 20260414195121.157
020 |a 978-3-540-68499-2 
022 |a 1611-3349 
037 |a Acervo ITESO - Biblioteca 
041 |a ING 
082 |a Libro en línea 
100 |a Jocelyne Troccaz, Eric Grimson, Ralph Mösges  |e (edición) 
245 |a CVRMed-MRCAS'97 :  |b First Joint Conference, Computer Vision, Virtual Reality and Robotics in Medicine and Medical Robotics and Computer-Assisted Surgery, Grenoble, France, March 19-22, 1997, Proceedings / 
264 4 |a Berlín, Alemania :  |b Springer,  |c 1997, c1997 
264 2 |a Cham, Suiza :  |b Springer Link [distribución],  |c 2025 
300 |a 1 libro electrónico en línea (XIX, 836 p.) 
300 |a 1 recurso en línea 
336 |a datos para computadora  |b cod  |2 rdacontenido 
337 |a computadora  |b c  |2 rdamedio 
338 |a recurso en línea  |b cr  |2 rdasoporte 
440 |a (Lecture Notes in Computer Science) 
506 0 |a Licencias ilimitadas 
567 |a Catalogación rápida 
649 |a XX 
856 4 0 |u https://link-springer-com.ezproxy.iteso.mx/10.1007/BFb0029218  |y Ver documento en línea 
910 |a Fondo General 
920 |a Electrónicos - Libros en Línea 
930 |a Plataforma Digital 
905 |a 205 
902 |a https://opac.biblio.iteso.mx/vufind/Record/000601961